000 00810nas a2200265 4500
001 BR0303232
003 BR-BrBNA
005 20231205103910.0
007 ta
008 230509b bl.|||p| |||| 00| 00por d
040 _aBR-BrBNA
_bpor
_cBiblioteca Nacional de Agricultura
041 _a(Pt)
072 _aF02
100 1 _aPaiva, L.C.
100 1 _aGuimarães, R.J.
100 1 _aSouza, C.A.S.
245 1 _aInfluência de diferentes níveis de sombreamento sobre o crescimento de mudas de cafeeiro (Coffea arabica L.)
650 _aCAFÉ
650 _aCRESCIMENTO
650 _aMUDA
650 _aSOMBREAMENTO
773 0 _tCiência e Agrotecnologia (Brazil)
_xISSN 1413-7054
_g(Jan-Feb 2003), v. 27(1) p. 134-140
_wBR0303232
909 _a202311
_bLúcia
_c55
_dLúcia Elande
942 _2AGRIS
_n0
_cANA
999 _c175334
_d175334